BRRD: Bail-in mechanismus a MREL

Nová smernica, ktorá ustanovuje rámec pre ozdravné postupy a riešenia krízy úverových inštitúcií a investičných podnikov (BRRD). Opatrenia umožňujúce príslušným autoritám v členských krajinách EÚ zasiahnúť, pokiaľ by sa banky dostali do krízovej situácie.

Gespeichert in:
Bibliographische Detailangaben
1. Verfasser: Avalova, Marianna
Weitere Verfasser: Majdloch, Martin
Format: Buchkapitel
Sprache:Tschechisch
Schlagworte:
Tags: Tag hinzufügen
Keine Tags, Fügen Sie das erste Tag hinzu!

MARC

LEADER 00000naa a2200000 4500
001 0200385
005 20231211083652.9
041 0 |a cze 
044 |a CZ 
245 1 0 |a BRRD: Bail-in mechanismus a MREL  |c Marianna Avalova, Martin Majdloch 
520 |a Nová smernica, ktorá ustanovuje rámec pre ozdravné postupy a riešenia krízy úverových inštitúcií a investičných podnikov (BRRD). Opatrenia umožňujúce príslušným autoritám v členských krajinách EÚ zasiahnúť, pokiaľ by sa banky dostali do krízovej situácie. 
610 2 0 |a bankovníctvo 
610 2 0 |a banky 
610 2 0 |a nástroje bankové 
610 2 0 |a primeranosť kapitálová 
610 2 0 |a regulátory hospodárske 
610 2 0 |a záväzky 
610 2 0 |a veritelia 
100 1 |a Avalova, Marianna 
700 1 |a Majdloch, Martin